Gia đình (Sách dùng cho Hs tiểu học 5.6)

Guardado en:
Detalles Bibliográficos
Formato: Libro
Etiquetas: Agregar Etiqueta
Sin Etiquetas, Sea el primero en etiquetar este registro!
Thư viện lưu trữ: Mạng thư viện Đại học Đà Nẵng
LEADER 00424nam a22001691a 4500
001 000039905
003 16200
005 20160412022702.0
008 160412s0 000
082 |a 4N(TK)816-817 
245 |a Gia đình (Sách dùng cho Hs tiểu học 5.6) 
OWN |a LNN 
999 |a From the UDN01 
TYP |a Monograph 
980 |a Mạng thư viện Đại học Đà Nẵng